Pattren Recognition and Machine Learning / (Record no. 36902)

MARC details
000 -LEADER
fixed length control field 00441nam a22001577a 4500
005 - DATE AND TIME OF LATEST TRANSACTION
control field 20250416182107.0
008 - FIXED-LENGTH DATA ELEMENTS--GENERAL INFORMATION
fixed length control field 250416b |||||||| |||| 00| 0 eng d
082 ## - DEWEY DECIMAL CLASSIFICATION NUMBER
Classification number 005.8
Item number BIS-P
100 ## - MAIN ENTRY--AUTHOR
Author Name Bishop, Christopher M.
245 ## - TITLE STATEMENT
Title Pattren Recognition and Machine Learning /
260 ## - PUBLICATION, DISTRIBUTION, ETC.
Place of Publication India:
Name of publisher, distributor, etc. Pearson;
Date of publication, distribution, etc. 2006.
300 ## - PHYSICAL DESCRIPTION
Pages XIX, 738 P. :
500 ## - GENERAL NOTE
General note include index.
650 ## - SUBJECT ADDED ENTRY--TOPICAL TERM
Subject / Department Artificial Intelligence
300 ## - PHYSICAL DESCRIPTION
-- ill;
-- 24 cm.
952 ## - LOCATION AND ITEM INFORMATION (KOHA)
-- 0
-- 0
952 ## - LOCATION AND ITEM INFORMATION (KOHA)
-- 0
-- 0
952 ## - LOCATION AND ITEM INFORMATION (KOHA)
-- 0
-- 0
952 ## - LOCATION AND ITEM INFORMATION (KOHA)
-- 0
-- 0
952 ## - LOCATION AND ITEM INFORMATION (KOHA)
-- 0
-- 0
952 ## - LOCATION AND ITEM INFORMATION (KOHA)
-- 0
-- 0
952 ## - LOCATION AND ITEM INFORMATION (KOHA)
-- 0
-- 0
952 ## - LOCATION AND ITEM INFORMATION (KOHA)
-- 0
-- 0
Holdings
Lost status Damaged status Collection code Permanent Location Current Location Shelving Location Date acquired Full Call Number Accession No./Barcode Date last seen Copy number item type Koha item type
    CS/IT Superior Information Resource Center (SIRC) Superior University- Gold Campus Superior Information Resource Center (SIRC) Superior University- Gold Campus Artificial intelligence 04/16/2025 005.8 BIS-P 2006 30110 04/16/2025 1 BOOK BOOK
    CS/IT Superior Information Resource Center (SIRC) Superior University- Gold Campus Superior Information Resource Center (SIRC) Superior University- Gold Campus Artificial intelligence 04/16/2025 005.8 BIS-P 2006 30111 04/16/2025 2 BOOK BOOK
    CS/IT Superior Information Resource Center (SIRC) Superior University- Gold Campus Superior Information Resource Center (SIRC) Superior University- Gold Campus Artificial intelligence 04/16/2025 005.8 BIS-P 2006 30112 04/16/2025 3 BOOK BOOK
    CS/IT Superior Information Resource Center (SIRC) Superior University- Gold Campus Superior Information Resource Center (SIRC) Superior University- Gold Campus Artificial intelligence 04/16/2025 005.8 BIS-P 2006 30113 04/16/2025 4 BOOK BOOK
    CS/IT Superior Information Resource Center (SIRC) Superior University- Gold Campus Superior Information Resource Center (SIRC) Superior University- Gold Campus Artificial intelligence 04/16/2025 005.8 BIS-P 2006 30114 04/16/2025 5 BOOK BOOK
    CS/IT Superior Information Resource Center (SIRC) Superior University- Gold Campus Superior Information Resource Center (SIRC) Superior University- Gold Campus Artificial intelligence 04/16/2025 005.8 BIS-P 2006 30115 04/16/2025 6 BOOK BOOK
    CS/IT Superior Information Resource Center (SIRC) Superior University- Gold Campus Superior Information Resource Center (SIRC) Superior University- Gold Campus Artificial intelligence 04/16/2025 005.8 BIS-P 2006 30116 04/09/2026 7 BOOK BOOK
    CS/IT Superior Information Resource Center (SIRC) Superior University- Gold Campus Superior Information Resource Center (SIRC) Superior University- Gold Campus Artificial intelligence 06/25/2025 005.8 BIS-P 2006 30239 06/25/2025 8 BOOK BOOK

Powered by Koha